000
00484nam a22001097a 4500
082
_a
800
100
_a
पाण्डेय , डॉ .नूतन
_9
84010
245
_a
प्रवासी साहित्य विश्व के हिंदी साहित्यकारों से संवाद खण्ड -2
260
_a
दिल्ली
_b
स्वराज प्रकाशन
_c
2012
650
_a
साहित्य
942
_c
BK
999
_c
69030
_d
69030